| 000 | 00447nam a22001697a 4500 | ||
|---|---|---|---|
| 005 | 20241101161119.0 | ||
| 008 | 241101b |||||||| |||| 00| 0 eng d | ||
| 020 | _a9780323036641 | ||
| 050 |
_aRT48.6 _b.A35 ACK |
||
| 245 |
_aNursing diagnois handbook/ _b;a guide to planning care |
||
| 250 | _a7th | ||
| 260 |
_aUSA _bMosby Elsevier _cc2006 |
||
| 300 | _axxi,1353p | ||
| 700 | _aAckley, Betty j. | ||
| 700 | _aLadwig, Gail B | ||
| 942 |
_2lcc _cBK _n0 |
||
| 999 |
_c526 _d526 |
||